The Valar - Statistics

General Stats
  • This quiz has been taken 40 times
  • The average score is 6 of 8
Answer Stats
Hint Answer % Correct
The Sea King Ulmo
95%
The King of the Valar Manwë
89%
The Wrestler Tulkas
89%
The Smith Aulë
84%
The Huntsman Oromë
84%
"He who arises in might" Melkor
79%
The Doomsman Námo (Mandos)
37%
The Lord and Master of Dreams, Visions, and Desires Irmo (Lórien)
26%
No matching quizzes found
Score Distribution
Percent of People with Each Score
Percentile by Number Answered
Your Score History
You have not taken this quiz